000 00530pab a2200181 454500
008 180718b2006 xxu||||| |||| 00| 0 eng d
100 _aTruong, Thanh-Dam
245 _aGovernance and poverty in sub-Saharan Africa: rethinking best practices in migration management
260 _c2006
300 _ap.697-714.
362 _aDec
650 _aMigration - Sub-Saharan Africa
650 _aPoverty - Sub-Saharan Africa
650 _aPoverty
773 _aInternational Social Science Journal
908 _aN
909 _a77955
999 _c77955
_d77955